| Tag |
First Indicator |
Second Indicator |
Subfields |
| LEADER |
00000cam a2200000 a 4500 |
| 001 |
in00000009503 |
| 005 |
20151007051615.0 |
| 008 |
870203s1987 nyua j 00011 eng |
| 010 |
|
|
|a 87001690
|
| 020 |
|
|
|a 0531057062
|
| 020 |
|
|
|a 0531083063 (lib. bdg.)
|
| 035 |
|
|
|a (OCoLC)15223642
|
| 035 |
|
|
|9 AAA3871AM
|
| 040 |
|
|
|a DLC
|c DLC
|d TXA
|d UtOrBLW
|
| 049 |
|
|
|a [Curr Col] TXAM
|c [A12641097]
|
| 050 |
0 |
0 |
|a PZ7.R982
|b Ch 1987
|
| 082 |
0 |
|
|a [Fic]
|2 19
|
| 100 |
1 |
|
|a Rylant, Cynthia.
|
| 245 |
1 |
0 |
|a Children of Christmas :
|b stories for the season /
|c by Cynthia Rylant ; drawings by S.D. Schindler.
|
| 264 |
|
1 |
|a New York :
|b Orchard Books,
|c [1987]
|
| 264 |
|
4 |
|c ©1987
|
| 300 |
|
|
|a ix, 38 pages :
|b illustrations ;
|c 27 cm.
|
| 336 |
|
|
|a text
|b txt
|2 rdacontent
|
| 337 |
|
|
|a unmediated
|b n
|2 rdamedia
|
| 338 |
|
|
|a volume
|b nc
|2 rdacarrier
|
| 500 |
|
|
|a "A Richard Jackson book"--Half title page.
|
| 505 |
0 |
|
|a The Christmas tree man -- Halfway home -- For being good -- Ballerinas and bears -- Silver packages -- All the stars in the sky.
|
| 650 |
|
0 |
|a Christmas stories.
|
| 650 |
|
0 |
|a Children's stories, American.
|
| 650 |
|
1 |
|a Christmas
|x Fiction.
|
| 650 |
|
1 |
|a Short stories.
|
| 700 |
1 |
|
|a Schindler, S. D.,
|e illustrator.
|
| 999 |
|
|
|a MARS
|
| 999 |
f |
f |
|s faf1f6ea-ff17-3145-b92a-a79714c6c0e9
|i 85f13dbf-4346-3e6f-9760-9c656a4c94b8
|t 0
|
| 952 |
f |
f |
|p ric
|a Texas A&M University
|b Rellis Campus
|c Joint Library Facility
|d Remote Storage
|t 0
|e PZ7.R982 Ch 1987
|h Library of Congress classification
|i unmediated -- volume
|m A14812641097
|
| 998 |
f |
f |
|a PZ7.R982 Ch 1987
|t 0
|l Remote Storage
|